000 01217nam a2200217Ia 4500
003 Ost
005 20260416102401.0
008 260416s9999||||xx |||||||||||||| ||und||
040 _cfsecg
041 _aara
082 _a310
100 _aتيلولت،سامية
_eمؤلف
245 0 _aالاحصاء 1 :
_bدروس و تمارين: مطبوعة موجهة لطلبة السنة الأولى جذع مشترك /
_cسامية تيلولت
260 _aالجزائر
_bجامعة الجزائر3: كلية العلوم الإقتصادية، العلوم التجارية وعلوم التسيير
_c2023
300 _a263 ورقة
_bايضاحات
_c12 سم
504 _aمراجع ص.253
520 _aالمفاهيم الاحصائية و طرق عرض البيانات،مقاييس النزعة المركزية،مقاييس التشتت و الشكل،الانحدار و الارتباط الخطي البسيط، الارقام القياسية مع وجود تمارين محلولة.
653 _aالاحصاء
710 _aجامعة الجزائر3: كلية العلوم الإقتصادية، العلوم التجارية وعلوم التسيير
_eناشر علمي
942 _cHANDOUT
999 _c41420
_d41420